Phonétique - Pokémon 5ème Gén. - Statistiques

Statistiques générales
  • Ce quiz a été pris 21 fois
  • Le résultat moyen est 25 sur 30
Statistiques - réponses
Phonétique Réponse % Correct
/aeʁopteʁiks/ Aéroptéryx
100%
/aʁkeapti/ Arkéapti
100%
/bagaid/ Baggaïd
100%
/bagigwan/ Baggiguane
100%
/batʁakne/ Batracné
100%
/bɛtoʃɛf/ Bétochef
100%
/boʁeas/ Boréas
100%
/bʁytapɔd/ Brutapode
100%
/kaʁabiŋg/ Carabing
100%
/ʃakʁipɑ̃/ Chacripan
100%
/ʃaʁpɑ̃ti/ Charpenti
100%
/ʃɛ̃ʃidu/ Chinchidou
100%
/klamiʁal/ Clamiral
100%
/klik/ Clic
100%
/klitiklik/ Cliticlic
100%
/kobaltjɔm/ Cobaltium
100%
/kwanətɔ̃/ Couaneton
100%
/kupənɔt/ Coupenotte
100%
/kʁabaʁak/ Crabaraque
100%
/kʁabikɔk/ Crabicoque
100%
/kʁapystyl/ Crapustule
100%
/kʁokoʁibl/ Crocorible
100%
/daʁumaʁɔ̃/ Darumarond
100%
/defləzɑ̃/ Déflaisan
100%
/demeteʁos/ Démétéros
100%
/duduvɛ/ Doudouvet
100%
/emɔlga/ Emolga
100%
/flamaʒu/ Flamajou
100%
/flamutɑ̃/ Flamoutan
100%
/flotutɑ̃/ Flotoutan
100%
/fʁaʒilɛjdi/ Fragilady
100%
/golɛ/ Gaulet
100%
/ʒenesɛkt/ Genesect
100%
/gʁɛ̃golɛm/ Gringolem
100%
/gʁotiʃɔ̃/ Grotichon
100%
/egzaʒɛl/ Hexagel
100%
/ɛ̃sizaʃ/ Incisache
100%
/ʒydokʁak/ Judokrak
100%
/kaʁakle/ Karaclée
100%
/kɛldeo/ Keldeo
100%
/kuŋgfwin/ Kungfouine
100%
/kjuʁɛm/ Kyurem
100%
/lakmesiɲ/ Lakmécygne
100%
/lɑ̃peʁwa/ Lampéroie
100%
/laʁvejɛt/ Larveyette
100%
/leopaʁdys/ Léopardus
100%
/ljanaʒa/ Lianaja
100%
/limaspid/ Limaspeed
100%
/lygylabʁ/ Lugulabre
100%
/mɑ̃tɛʁnɛl/ Manternel
100%
/mastuf/ Mastouffe
100%
/matlutʁ/ Mateloutre
100%
/megapagos/ Mégapagos
100%
/melɑ̃kolyks/ Mélancolux
100%
/meloeta/ Meloetta
100%
/mɛsmeʁela/ Mesmérella
100%
/mjasmaks/ Miasmax
100%
/minotop/ Minotaupe
100%
/miʁadaʁ/ Miradar
100%
/muna/ Munna
100%
/muʃana/ Mushana
100%
/mygavɔlt/ Mygavolt
100%
/nɛjtʁam/ Neitram
100%
/nodylit/ Nodulithe
100%
/nykleos/ Nucléos
100%
/omasakʁ/ Ohmassacre
100%
/pwaʃiʒɔ̃/ Poichigeon
100%
/polaʁym/ Polarhume
100%
/piʁaks/ Pyrax
100%
/piʁonij/ Pyronille
100%
/ʁatɑ̃tif/ Ratentif
100%
/ʁeʃiʁam/ Reshiram
100%
/ʁinolɔv/ Rhinolove
100%
/ʁototop/ Rototaupe
100%
/skalpjɔ̃/ Scalpion
100%
/skalpʁwa/ Scalproie
100%
/skobolid/ Scobolide
100%
/skʁytela/ Scrutella
100%
/ʃaofwin/ Shaofouine
100%
/sideʁela/ Sidérella
100%
/sɔʁbebe/ Sorbébé
100%
/statitik/ Statitik
100%
/sɛ̃bjos/ Symbios
100%
/tʁɑ̃ʃodɔ̃/ Tranchodon
100%
/tʁitɔ̃d/ Tritonde
100%
/tutafɛ/ Tutafeh
100%
/vənipat/ Venipatte
100%
/vipeljɛʁ/ Vipélierre
100%
/vostuʁno/ Vostourno
100%
/zeblits/ Zéblitz
100%
/zekʁɔm/ Zekrom
100%
/zoʁoaʁk/ Zoroark
100%
/kloʁobyl/ Chlorobule
86%
/ɛskaʁgom/ Escargaume
83%
/lɑ̃saʁgo/ Lançargot
83%
/aflamanwaʁ/ Aflamanoir
80%
/kaʁapagos/ Carapagos
80%
/ɛskʁoko/ Escroco
80%
/fyʁeglɔ̃/ Furaiglon
80%
/sɔʁbul/ Sorboul
80%
/votytʁis/ Vaututrice
80%
/kolɔ̃bo/ Colombeau
75%
/mamɑ̃bo/ Mamanbo
75%
/maʁakatʃi/ Maracachi
75%
/mjamjasm/ Miamiasme
75%
/paʃmila/ Pashmilla
75%
/pɔ̃ʃjɛ̃/ Ponchien
75%
/pɔ̃ʃjo/ Ponchiot
75%
/viʁidjɔm/ Viridium
75%
/baʁgɑ̃tya/ Bargantua
67%
/kʁipteʁo/ Cryptéro
67%
/fœjutɑ̃/ Feuiloutan
67%
/flotaʒu/ Flotajou
67%
/fylgyʁis/ Fulguris
67%
/fynesiʁ/ Funécire
67%
/ʒigalit/ Gigalithe
67%
/gʁɥikɥi/ Gruikui
67%
/gɛʁjɛgl/ Gueriaigle
67%
/limɔ̃d/ Limonde
67%
/mejos/ Méios
67%
/mustijɔ̃/ Moustillon
67%
/soloʧi/ Solochi
67%
/tʁijoksidʁ/ Trioxhydre
67%
/tutɑ̃kafɛʁ/ Tutankafer
67%
/viktini/ Victini
67%
/viskyz/ Viskuse
67%
/teʁakjɔm/ Terrakium
60%
/tik/ Tic
60%
/kuvɛʁdyʁ/ Couverdure
50%
/dʁakaʁmɛ̃/ Drakkarmin
50%
/fɛʁmit/ Fermite
50%
/fʁizɔ̃/ Frison
50%
/ʒeolit/ Géolithe
50%
/golɛmastɔk/ Golemastoc
50%
/gʁɛ̃dyʁ/ Grindur
50%
/lɛwsɔʁ/ Lewsor
50%
/noasje/ Noacier
50%
/uvʁifjɛʁ/ Ouvrifier
50%
/polagʁif/ Polagriffe
50%
/ʁwatiflam/ Roitiflam
50%
/sɔʁbubul/ Sorbouboul
50%
/zoʁua/ Zorua
50%
/ajdɛ̃/ Haydaim
33%
/tʁɔ̃piɲɔ̃/ Trompignon
33%
/ɑ̃ʃwat/ Anchwatt
0%
/ʃovsuʁiʁ/ Chovsourir
0%
/daʁumatʃo/ Darumacho
0%
/djamat/ Diamat
0%
/faʁfadyvɛ/ Farfaduvet
0%
/føjaʒu/ Feuillajou
0%
/maʒaspik/ Majaspic
0%
/maskajmɑ̃/ Mascaïman
0%
/mwajad/ Moyade
0%
/nɑ̃mewi/ Nanméouïe
0%
/vivaldɛ̃/ Vivaldaim
0%
/zebibʁɔ̃/ Zébibron
0%
Aucun quiz correspondant
Distribution des résultats
% des personnes avec chaque résultat
Percentile par nombre de réponses
Votre historique - résultats
Vous n’avez pas pris ce quiz